Missing Word: #1 Hits of 1993 & 1994 Quiz Stats

Quiz Updated Mar 4, 2015

Challenge
Share
Tweet
Embed
Score 0/13 Timer 02:00
0 Plays Today
#1 Hit Song Missing Word % Correct
I'd Do _____ for Love (But I Won't Do That)Anything
96.5%
That's the Way _____ GoesLove
92.6%
Can't Help _____ in LoveFalling
89.8%
_____ SwearI
88.3%
A Whole _____ WorldNew
86.7%
_____ n' GrindBump
83.6%
I'll _____ Love to YouMake
78.3%
On _____ KneeBended
76.6%
The _____ of LovePower
55.5%
_____ for LoveAll
45.7%
Stay (I _____ You)Missed
21.9%
Freak _____Me
21.8%
Here Comes the _____Hotstepper
21.5%

Today's Daily Dose

Missing Word
Jazz Songs 'C'

On This Day
January 18th

You're not logged in!

Compare scores with friends on all Sporcle quizzes.
Sign Up with Email
OR
Log In

You Might Also Like...

Show Comments

Extras

Top Quizzes Today


Score Distribution

Your Account Isn't Verified!

In order to create a playlist on Sporcle, you need to verify the email address you used during registration. Go to your Sporcle Settings to finish the process.